A friendly guide to wavelets / (Record no. 126300)

MARC details
000 -LEADER
fixed length control field 00823nam a22002537a 4500
003 - CONTROL NUMBER IDENTIFIER
control field dpl
005 - DATE AND TIME OF LATEST TRANSACTION
control field 20180712155601.0
008 - FIXED-LENGTH DATA ELEMENTS--GENERAL INFORMATION
fixed length control field 180605b xxu||||| |||| 00| 0 eng d
010 ## - LIBRARY OF CONGRESS CONTROL NUMBER
LC control number B-227289, B-227295
020 ## - INTERNATIONAL STANDARD BOOK NUMBER
Terms of availability 00.00
International Standard Book Number 8181283813
035 ## - SYSTEM CONTROL NUMBER
System control number B-227289, B-227295, B-227290
037 ## - SOURCE OF ACQUISITION
Source of stock number/acquisition Cen Lib/Ret
040 ## - CATALOGING SOURCE
Original cataloging agency DPL
Language of cataloging EN
Transcribing agency 0
082 ## - DEWEY DECIMAL CLASSIFICATION NUMBER
Classification number 515.2433
Item number KAI
100 ## - MAIN ENTRY--PERSONAL NAME
Personal name Kaiser, Gerald
9 (RLIN) 17175
245 ## - TITLE STATEMENT
Title A friendly guide to wavelets /
Statement of responsibility, etc by Gerald Kaiser
260 ## - PUBLICATION, DISTRIBUTION, ETC. (IMPRINT)
Name of publisher, distributor, etc Springer
Place of publication, distribution, etc New Delhi
Date of publication, distribution, etc 1994
270 ## - ADDRESS
Address akash deep building, barakhamba road
City New Delhi
Postal code 110001
300 ## - PHYSICAL DESCRIPTION
Extent xvii, 300p.
Dimensions 23cm(pbk)
500 ## - GENERAL NOTE
General note Includes bibliographical references and index
650 ## - SUBJECT ADDED ENTRY--TOPICAL TERM
Topical term or geographic name as entry element Mathematics
9 (RLIN) 8937
650 ## - SUBJECT ADDED ENTRY--TOPICAL TERM
Topical term or geographic name as entry element Basic wavelets analysis
9 (RLIN) 17176
942 ## - ADDED ENTRY ELEMENTS (KOHA)
Source of classification or shelving scheme Dewey Decimal Classification
Koha item type English Books
Classification part 515.2433
Call number suffix KAI
Holdings
Withdrawn status Lost status Damaged status Not for loan Home library Current library Date acquired Source of acquisition Cost, normal purchase price Total Checkouts Full call number Barcode Date last seen Copy number Cost, replacement price Price effective from Koha item type Source of classification or shelving scheme Collection code
        Central Library Central Library 25/06/2015 Cen Lib/Ret 0.00   515.2433 KAI B-227289 25/06/2015 1 0.00 25/06/2015 English Books    
        Patel Nagar Patel Nagar 12/07/2018 BPPD/PUB 0.00   515.2433 KAI B-227290 12/07/2018   0.00 12/07/2018 English Books Dewey Decimal Classification Non-fiction
        Sarojini Nagar Sarojini Nagar 28/05/2019       515.2433 KAI B-227292 28/05/2019     28/05/2019 English Books Dewey Decimal Classification Non-fiction
        Shahdara Branch Shahdara Branch 05/06/2018 BPPD/PUB 0.00   515.2433 KAI B-227295 05/06/2018   0.00 05/06/2018 English Books Dewey Decimal Classification Non-fiction

© Delhi Public Library
Hit Counter
free hit counter